Auditing concepts and methods

Saved in:
Bibliographic Details
Main Author: Willingham, John J.
Other Authors: Carmichael, D. R. (Douglas R.), 1941- (joint author.)
Format: Book
Language:English
Published: New York, McGraw-Hill [1974, c1975]
Edition:2d ed.
Series:McGraw-Hill accounting series
Subjects:
LEADER 01034nam a2200277 4500
001 c000037773
003 CARM
005 00000000000000.0
008 740603c19741975nyua b 00110 eng
019 1 |a 23849877  |z 442739  |z 12405020  |5 LACONCORD2021 
020 |a 0070706018 
035 |a (OCoLC)934787  |5 LACONCORD2021 
050 0 0 |a HF5667  |b .W532 1974 
100 1 |a Willingham, John J. 
245 1 0 |a Auditing concepts and methods  |c [by] John J. Willingham [and] D. R. Carmichael. 
250 |a 2d ed. 
260 |a New York,  |b McGraw-Hill  |c [1974, c1975] 
300 |a xii, 466 p.  |b illus.  |c 24 cm. 
490 0 |a McGraw-Hill accounting series 
504 |a Includes bibliographies. 
650 0 |a Auditing. 
700 1 |a Carmichael, D. R.  |q (Douglas R.),  |d 1941-  |e joint author. 
852 8 |b CARM  |h A2:AE17E0  |i C00236  |p 0012625  |f BK 
082 0 4 |a 657/.45  |2 19 
999 f f |i f5df01c2-8057-59fb-84c6-f6638edecdef  |s 0b2811ca-a7c2-5186-85b5-27d12996712f 
952 f f |p Can circulate  |a CAVAL  |b CAVAL  |c CAVAL  |d CARM 1 Store  |e C00236  |f A2:AE17E0  |h Other scheme  |i book  |m 0012625